000 01452nam0a22003131 4500
001 rc\4816809
005 20130426135918.2
021 _aRU
_b[58-28347ж]
035 _a(NLR Aleph) 008880267
090 _a8577320
_c8577320
100 _a20130426d1958 |||y0rusy50 ca
101 0 _arus
102 _aRU
105 _aa z |||||
200 1 _aВибро-ударно-вращательная буровая машина ВУВБ-1
210 _aХарьков
_cБ. и.
_d1958
215 _a16 с.
_cил.
_d22
225 1 _aГосударственная плановая комиссия Совета Министров УССР. Всесоюзный научно-исследовательский институт организации и механизации шахтного строительства ВНИИОМШС. Информационное сообщение
_v№ 102
300 _aПеред загл. авт.: С.А. Чумак, Б.Л. Оситинский, Н.И. Хайло
606 _aБурение вибро-ударно-вращательное
_2psbo
606 _aБуровые станки, вибро-ударно-вращательные
_2psbo
700 1 _aЧумак
_bС. А.
_gСтепан Алексеевич
701 1 _aХайло
_bН. И.
701 1 _aОситинский
_bБ. Л.
801 0 _aRU
_bNLR
_gpsbo
801 1 _aRU
_bELAR
_2rusmarc
852 _aNLR
_jП49/42
942 _cBOOK
980 _aNB